000 00341 a2200157 4500
001 168723
020 _a
040 _cMagnum
100 _aGil Neto, Antonio
240 1 0 _aA producao de textos na escola
_lpor
245 1 0 _aA producao de textos na escola
362 0 _a1899
440 1 _aLoyola
697 _aSEM ASSUNTO
942 _cBK
999 _c168723
_d168723